| 000 | 00781cab a2200229 4500 | ||
|---|---|---|---|
| 001 | ABS60223 | ||
| 008 | 090401t1999 xxu||||| |||| 00| 0 eng d | ||
| 035 | _a(Sirsi) u91424 | ||
| 041 | _aeng | ||
| 100 | _aMahendra, B. | ||
| 245 | 2 | _aA checklist for the expert | |
| 260 | _c1999 | ||
| 350 | _a0 | ||
| 490 |
_aNew Law Journal _v149(6875) 12 February 1999, 204-206(2) |
||
| 520 | _aSupplies a checklist aiming to assist potential expert witnesses accepting instructions from a solicitor. (Originally aimed at medical experts, but the text can be adapted for other fields of expertise.) | ||
| 650 | _aCASE LAW | ||
| 650 | _aCHECKLIST | ||
| 650 | _aEXPERT WITNESSES | ||
| 690 | _aMANAGEMENT-BUSINESS MANAGEMENT-PROFESSIONAL PRACTICE | ||
| 942 | _n0 | ||
| 948 | _c18/02/1999 | ||
| 999 |
_c58038 _d58038 |
||